MARC

LEADER 00000 ab a2200000 4500
003 AR-RoUNA
005 20220923115106.0
008 140529||||||||||||||||| |||| 0|||| d
040 |a AR-RoUNA  |b spa 
041 |a spa  |a eng 
080 |a 72.036 
092 |l F363 
100 1 |9 5379  |a Fernandez-Galiano, Luis 
245 |a  Escuela catalana :  |b Bonell, Ferrater, Miralles: últimas obras 
260 |a Madrid :  |b Arquitectura Viva,  |c 1988 
300 |a 104 p. :  |b planos  |b plantas  |c 30x25 cm 
505 0 |t La escuela catalana  
505 0 |t Luis Fernández-Galiano 
505 0 |a Vanguardia critica: Bonell y la revisión del Movimiento Moderno / Oriol Bohigas p.17 
505 0 |a Dirección orquestada: El "dispositivo" Ferrater / Josep María Montaner p.22 
505 0 |a Lugar y aprendizaje: Una entrevista con Enric Miralles / Josep Lluis Mateo p.26 
505 0 |t ARQUITECTURA 
505 0 |a Acuerdo de principios: Palacio de Justicia de Gerona / Esteve Bonell y Josep María Gil p.30 
505 0 |a La nave del lago: Polideportivo y taller de remo en Bañolas / Esteve Bonell y Josep María Gil p.38 
505 0 |a Facetas de una elipse: Hotel Juan Carlos I, Hotel en Barcelona / Carlos Ferrater y Josep María Cartaña p.42 
505 0 |a Papiroflexia urbana: Viviendas en la Villa Olímpica de Bañolas / Carlos Ferrater, Alex Da costa, Jonathan Caplan p.50 
505 0 |a Entre el suelo y el cielo: Centro social La Mina, Barcelona / Enric Miralles y Carmen Pinos p.54 
505 0 |a Palacio de deportes en Huesca / Miralles y Pinos p.58 
505 0 |a Cirugía arquitectónica: Gordon Matta Clark en el IVAM / Cristina Grau p.65 
505 0 |t ARTE / CULTURA 
505 0 |a Relato y formato: La pintura de la historia / Juan Antonio Ramírez p.68 
505 0 |a Optimismo racionalista: Corrales y Molezun: claves de una trayectoria / Rafael Moneo p.72 
505 0 |a Texturas de un paisaje: Cinco maestros del Norte / Marja-Riitta Norri p.74 
505 0 |a Historietas de Focho / Alejandro de la Sota p.76 
505 0 |a Autores varios / Libros p.77 
505 0 |t TECNICA / ESTILO 
505 0 |a Reflejos atlánticos: Palacio de Congresos de Nantes / Yves Lion y Alan Levitt p.82 
505 0 |a La sede del águila / Nuevo Parlamento alemán en Bonn / Gunter Behnisch & Partners p.88 
505 0 |a Maquetas digitales: El ordenador en el estudio de Gehry / Jorge Sainz p.92 
505 0 |a Acroterio: Un pacto entre composición y construcción / Ignacio Paricio p.64 
505 0 |a El final de un camino: La ruta jacobea, amenazada / Pedro de Llano p.104 
653 |a Gil, Josep Maria 
653 |a Palacio De Justicia De Gerona 
653 |a Premio Mies Van Der Rohe 
653 |a Pintura 
653 |a Meac 
653 |a Historia 
653 |a Corrales, Jose Antonio 
653 |a Ivam 
653 |a Matta Clark, Gordon 
653 |a La Huesca 
653 |a Museo De Arquitectura De Finlandia 
653 |a Arquitectos Nordicos 
653 |a Sota, Alejandro de la 
653 |a Vasquez Molezun, Ramon 
653 |a Pintura Historica 
653 |a Medalla De Oro En Arquitectura 
653 |a Seminarios 
653 |a Ferrater, Carlos 
653 |a Bonell, Esteve 
653 |a Miralles, Enric 
653 |a Juzgados 
653 |a Vanguardia Critica 
653 |a Modernidad 
653 |a Palacios De Deportes 
653 |a Centro Cultural La Mina 
653 |a Pinos, Carmen 
653 |a Polideportivos 
653 |a Hoteles 
653 |a Viviendas 
653 |a Arquitectos Catalanes 
653 |a Interiorismo 
653 |a Diseño 
653 |a Edificios 
653 |a Exposiciones 
653 |a Moneo, Rafael 
653 |a Escuela Catalana 
653 |a Construcciones 
653 |a Dacosta, Alex 
653 |a Cartaña, Josep Maria 
653 |a Parlamento Federal Aleman 
653 |a Isozaki, Arata 
653 |a Palacio De Congresos De Nara 
653 |a Hotel Juan Carlos I 
653 |a Palacios De Congresos 
653 |a Cohen, Jean Louis 
653 |a Alemania 
653 |a Bonn 
653 |a Infoarquitectura 
653 |a Nantes 
653 |a Bundestag 
653 |a Proyectos 
653 |a Obras 
653 |a Acroterio 
653 |a Gehry, Frank 
653 |a Lion, Yves 
653 |a Levitt, Alan 
773 0 |a Arquitectura Viva  |g Nº 28 (ene-feb 1993) p. 104  |d Madrid, Arquitectura Viva 1988 
908 |a Imp 
930 |c 28  |e 6935 
942 |2 udc  |c ART 
945 |a GOG  |d 2022-08-31 
980 |8 138  |g Carolina Rainero 
999 |c 3408  |d 3408